Catálogo

Vista normal Vista MARC

Entrada Personal Name

Número de registros utilizados en: 1

001 - CONTROL NUMBER

  • control field: 18097

003 - CONTROL NUMBER IDENTIFIER

  • control field: DLC

005 - DATE AND TIME OF LATEST TRANSACTION

  • control field: 20260513131054.0

008 - FIXED-LENGTH DATA ELEMENTS

  • fixed length control field: 890724n| acannaab| |a aaa |||

010 ## - LIBRARY OF CONGRESS CONTROL NUMBER

  • LC control number: n 88157839

040 ## - CATALOGING SOURCE

  • Original cataloging agency: DLC
  • Transcribing agency: Mx-PuUPA
  • Modifying agency: Mx-PuUPA
  • Description conventions: rda

046 ## - SPECIAL CODED DATES

  • Birth date: 1940

100 10 - HEADING--PERSONAL NAME

  • Personal name: D'Aquili, Eugene G.,
  • Dates associated with a name: 1940-

374 ## - OCCUPATION

  • Occupation: Autor

375 ## - GENDER

  • Gender: hombre

377 ## - ASSOCIATED LANGUAGE

  • Language code: eng

400 10 - SEE FROM TRACING--PERSONAL NAME

  • Personal name: Aquili, Eugene G. d',
  • Dates associated with a name: 1940-

670 ## - SOURCE DATA FOUND

  • Source citation: His The regulation of physical and mental systems, 1989:
  • Information found: CIP t.p. (Eugene G. d'Aquili) data sheet (b. 1940)

670 ## - SOURCE DATA FOUND

  • Source citation: LC data base, 7/17/89
  • Information found: (hdg.: D'Aquili, Eugene G., 1940- ; usage: Eugene G. d'Aquili)